[Event "Aut_chT"]
[Site "Jenbach"]
[Date "2003.01.24"]
[Round "6.5"]
[White "Vogt, Lothar"]
[Black "Horvath, Csaba"]
[Result "1/2-1/2"]
[WhiteElo "2479"]
[BlackElo "2506"]
[PlyCount "27"]
[EventDate "2003.01.23"]

1. e4 c5 2. Nf3 e6 3. c3 Nf6 4. e5 Nd5 5. Bc4 d6 6. d4 cxd4 7. cxd4 Nc6 8. a3
Be7 9. O-O O-O 10. Qe2 Qb6 11. Rd1 Na5 12. Bxd5 exd5 13. Nc3 Be6 14. b4 1/2-1/2

[Event "Aut_chT"]
[Site "Jenbach"]
[Date "2003.01.24"]
[Round "6.5"]
[White "Hoelzl, Franz"]
[Black "Lehner, Oliver"]
[Result "1/2-1/2"]
[WhiteElo "2349"]
[BlackElo "2406"]
[PlyCount "84"]
[EventDate "2003.01.23"]

1. c4 g6 2. d4 Nf6 3. Nc3 Bg7 4. e4 d6 5. Be2 O-O 6. Nf3 e5 7. O-O Nc6 8. d5
Ne7 9. Nd2 a5 10. b3 Nd7 11. Ba3 f5 12. b4 axb4 13. Bxb4 Bh6 14. a4 Nf6 15. Bd3
c5 16. dxc6 bxc6 17. Nf3 c5 18. Ba3 Bb7 19. exf5 gxf5 20. Bc2 e4 21. Ne1 Ra6
22. Rb1 Ba8 23. Rb3 Nc6 24. Nb5 Ne5 25. Rh3 Bg7 26. Bb3 f4 27. Bc1 Ng6 28. Bb2
Bb7 29. Bc2 Ne5 30. Qb1 Bc8 31. Rh4 Ng6 32. Bxf6 Qxf6 33. Rh5 Bg4 34. Rd5 Be2
35. Bxe4 Bxc4 36. Rf5 Qb2 37. Qxb2 Bxb2 38. Bd5+ Bxd5 39. Rxd5 Rxa4 40. Nxd6
Rd8 41. Nf3 c4 42. Rb5 Rxd6 1/2-1/2

[Event "Aut_chT"]
[Site "Jenbach"]
[Date "2003.01.24"]
[Round "6.5"]
[White "Ganaus, Hannes"]
[Black "Steflitsch, Erich"]
[Result "1/2-1/2"]
[WhiteElo "2360"]
[BlackElo "2396"]
[PlyCount "96"]
[EventDate "2003.01.23"]

1. d4 d5 2. e3 Nf6 3. Nf3 g6 4. c4 Bg7 5. Nc3 c6 6. Be2 O-O 7. O-O b6 8. b4 a5
9. b5 Ne4 10. Bb2 Nxc3 11. Bxc3 cxb5 12. cxb5 Nd7 13. Rc1 Bb7 14. Qb3 Rc8 15.
Qa3 Re8 16. Bb2 Rxc1 17. Rxc1 Qb8 18. Qc3 Rc8 19. Qd2 Rxc1+ 20. Qxc1 Qc8 21.
Qxc8+ Bxc8 22. Ba3 Bf8 23. Nd2 e6 24. Bxf8 Kxf8 25. Nb1 Ke7 26. Nc3 Kd6 27. f4
Nf6 28. Bd3 Ng4 29. Nd1 f6 30. h3 Nh6 31. g4 Nf7 32. Kf2 e5 33. Nc3 e4 34. Bc2
g5 35. Nxd5 Kxd5 36. Bb3+ Kd6 37. Bxf7 Be6 38. Bxe6 Kxe6 39. fxg5 fxg5 40. Ke2
Kd5 41. Kd2 Kc4 42. Kc2 Kb4 43. Kb2 a4 44. a3+ Kc4 45. Kc2 Kxb5 46. Kc3 h6 47.
Kb2 Ka6 48. Kc2 Ka5 1/2-1/2

[Event "Aut_chT"]
[Site "Jenbach"]
[Date "2003.01.24"]
[Round "6.5"]
[White "Moser, Guenter"]
[Black "Bokros, Albert"]
[Result "1/2-1/2"]
[WhiteElo "2357"]
[BlackElo "2420"]
[PlyCount "70"]
[EventDate "2003.01.23"]

1. Nf3 e6 2. c4 Nf6 3. g3 d5 4. Bg2 Be7 5. O-O O-O 6. Qc2 dxc4 7. Ne5 c5 8. Na3
Nbd7 9. Nxd7 Qxd7 10. Nxc4 Qc7 11. d3 Nd5 12. a3 b5 13. Nd2 Bb7 14. Ne4 Rac8
15. Bd2 h6 16. Rac1 Qb6 17. Nc3 a6 18. Qd1 Bf6 19. Qe1 Rfe8 20. Rc2 c4 21. dxc4
Rxc4 22. b3 Rcc8 23. Nxd5 Bxd5 24. Ba5 Qb7 25. Rxc8 Rxc8 26. e4 Bc6 27. Bc3
Bxc3 28. Qxc3 b4 29. Qxb4 Qxb4 30. axb4 Bb5 31. Rb1 Bd3 32. Ra1 Rc3 33. Bf1
Bxe4 34. Bc4 g5 35. Kf1 Bd5 1/2-1/2

[Event "Aut_chT"]
[Site "Jenbach"]
[Date "2003.01.24"]
[Round "6.5"]
[White "Weissenbeck, Manuel"]
[Black "Genser, Harald"]
[Result "0-1"]
[WhiteElo "2225"]
[BlackElo "2265"]
[PlyCount "84"]
[EventDate "2003.01.23"]

1. d4 d5 2. Nf3 Nf6 3. c4 e6 4. Nc3 dxc4 5. Bg5 Bb4 6. e4 c5 7. e5 cxd4 8. exf6
gxf6 9. Nxd4 Bxc3+ 10. bxc3 fxg5 11. Bxc4 Nc6 12. O-O Ne5 13. Bb3 O-O 14. Qh5
Qf6 15. Bc2 Qg7 16. f4 gxf4 17. Rxf4 Ng6 18. Rg4 f5 19. Rg5 Rf6 20. Re1 Bd7 21.
h4 Kh8 22. Qd1 Qf7 23. Nf3 Bc6 24. h5 Bxf3 25. Qxf3 Nf8 26. Rd1 h6 27. Rg3 Nh7
28. Qe2 Rg8 29. Rxg8+ Kxg8 30. Rd8+ Nf8 31. Bb3 Qe7 32. Rc8 Kh7 33. Qe5 Rf7 34.
a4 Rg7 35. Qb8 Qg5 36. Qh2 Qc1+ 37. Kf2 Qb2+ 38. Kf1 Qxb3 39. Rxf8 Qc4+ 40. Ke1
Qxc3+ 41. Ke2 Qc2+ 42. Ke1 Rd7 0-1

[Event "Aut_chT"]
[Site "Jenbach"]
[Date "2003.01.24"]
[Round "6.6"]
[White "Boensch, Uwe"]
[Black "Loeffler, Stefan"]
[Result "1-0"]
[WhiteElo "2537"]
[BlackElo "2398"]
[PlyCount "69"]
[EventDate "2003.01.23"]

1. d4 Nf6 2. c4 e6 3. Nf3 c5 4. d5 d6 5. Nc3 g6 6. e4 Bg7 7. Bd3 exd5 8. exd5
Bg4 9. O-O O-O 10. h3 Bxf3 11. Qxf3 Nbd7 12. Qd1 Ne8 13. Bd2 f5 14. f4 h5 15.
Qf3 Ndf6 16. Rae1 Nc7 17. Re2 Qd7 18. Rfe1 Rfe8 19. a3 a6 20. b4 b5 21. bxc5
dxc5 22. Re5 bxc4 23. Bxc4 Nb5 24. Re7 Rxe7 25. Rxe7 Qd8 26. d6+ Kh7 27. Nxb5
axb5 28. Qb7 Qf8 29. Rf7 Qxd6 30. Rxg7+ Kh6 31. Bc3 Qxf4 32. Rxg6+ Kxg6 33.
Qf7+ Kh6 34. Qxf6+ Kh7 35. Qg7# 1-0

[Event "Aut_chT"]
[Site "Jenbach"]
[Date "2003.01.24"]
[Round "6.6"]
[White "Kujovic, Michal"]
[Black "Schlosser, Philipp"]
[Result "0-1"]
[WhiteElo "2384"]
[BlackElo "2534"]
[PlyCount "50"]
[EventDate "2003.01.23"]

1. e4 c5 2. Nf3 Nc6 3. d4 cxd4 4. Nxd4 e6 5. Nc3 a6 6. g3 Qc7 7. Bg2 Nf6 8. O-O
Be7 9. Kh1 O-O 10. f4 d6 11. b3 Bd7 12. Bb2 b5 13. a3 Rac8 14. Rc1 Rfd8 15. f5
Nxd4 16. Qxd4 a5 17. fxe6 fxe6 18. g4 Qc5 19. Qd1 Qg5 20. h3 Bc6 21. Qd3 b4 22.
axb4 axb4 23. Ne2 Bb5 24. Qf3 Rf8 25. Nf4 Nd7 0-1

[Event "Aut_chT"]
[Site "Jenbach"]
[Date "2003.01.24"]
[Round "6.6"]
[White "Weinzettl, Ernst"]
[Black "Penz, Harald"]
[Result "1/2-1/2"]
[WhiteElo "2356"]
[BlackElo "2324"]
[PlyCount "48"]
[EventDate "2003.01.23"]

1. e4 e5 2. Bc4 Nf6 3. d4 exd4 4. Nf3 d5 5. exd5 Bb4+ 6. c3 Qe7+ 7. Be2 dxc3 8.
Nxc3 O-O 9. O-O Rd8 10. Bg5 h6 11. Bh4 g5 12. Bg3 Bxc3 13. bxc3 Nxd5 14. Qc2
Nc6 15. Rfe1 Qf6 16. Rac1 Nf4 17. Bf1 b6 18. Qa4 Bg4 19. Bxf4 gxf4 20. Re4 Bxf3
21. Rxf4 Qg5 22. h4 Qa5 23. Qxa5 Nxa5 24. Rxf3 Re8 1/2-1/2

[Event "Aut_chT"]
[Site "Jenbach"]
[Date "2003.01.24"]
[Round "6.6"]
[White "Roth, Peter"]
[Black "Ellers, Holger"]
[Result "1-0"]
[WhiteElo "2323"]
[BlackElo "2425"]
[PlyCount "105"]
[EventDate "2003.01.23"]

1. e4 e6 2. d4 d5 3. Nc3 Nf6 4. exd5 exd5 5. Bg5 Be7 6. Bd3 O-O 7. Qd2 Re8 8.
O-O-O c6 9. f3 b5 10. Kb1 Nbd7 11. Nge2 b4 12. Na4 Ne4 13. fxe4 Bxg5 14. Qxb4
dxe4 15. Bc4 Rb8 16. Qc3 Nf6 17. Qg3 Bg4 18. Nac3 Rb4 19. Bb3 Qb8 20. Qxb8
Rbxb8 21. h3 Be6 22. g4 Bh4 23. Rhf1 h6 24. Bxe6 Rxe6 25. Nf4 Ree8 26. Ng2 Bg3
27. Ne2 Bd6 28. c4 c5 29. dxc5 Bxc5 30. Rf5 Rec8 31. b3 a5 32. Ngf4 a4 33. Kc2
axb3+ 34. axb3 Bb4 35. Nc3 Ra8 36. Nfd5 Nxd5 37. Nxd5 Ra2+ 38. Kb1 Ra3 39. Kb2
Bf8 40. Ra1 Rxa1 41. Kxa1 Bc5 42. Kb1 Re8 43. Nc7 Re7 44. Rxc5 e3 45. Nd5 Re4
46. Rc8+ Kh7 47. Nc3 e2 48. Nxe2 Rxe2 49. b4 h5 50. b5 Re3 51. Kc2 Rxh3 52.
gxh5 Rxh5 53. b6 1-0

[Event "Aut_chT"]
[Site "Jenbach"]
[Date "2003.01.24"]
[Round "6.6"]
[White "Blaas, Hansjoerg"]
[Black "Hangweyrer, Roman"]
[Result "1-0"]
[WhiteElo "2266"]
[BlackElo "2162"]
[PlyCount "73"]
[EventDate "2003.01.23"]

1. e4 c5 2. Nf3 Nc6 3. Bb5 g6 4. c3 Nf6 5. e5 Nd5 6. O-O Bg7 7. d4 cxd4 8. cxd4
O-O 9. Nc3 Nc7 10. Bf4 Nxb5 11. Nxb5 a6 12. Nc3 d6 13. exd6 exd6 14. d5 Ne5 15.
Nxe5 dxe5 16. Be3 Bf5 17. Qb3 b5 18. Rfd1 Qd6 19. Rac1 Rac8 20. f3 Rfd8 21. g4
b4 22. Na4 Rxc1 23. Rxc1 Bd7 24. Nc5 Bc8 25. Ne4 Qb8 26. Rc6 Bb7 27. Rb6 Qa8
28. Bg5 Bxd5 29. Qd3 Rd7 30. Nc5 Ra7 31. Rd6 f6 32. Rxd5 Qc6 33. Rd8+ Kf7 34.
Qc4+ Ke7 35. Rg8 Bf8 36. Rxf8 Kxf8 37. Ne6+ 1-0

[Event "Aut_chT"]
[Site "Jenbach"]
[Date "2003.01.24"]
[Round "6.6"]
[White "Prager, Manfred"]
[Black "Fuchs, Georg"]
[Result "0-1"]
[WhiteElo "2087"]
[BlackElo "2244"]
[PlyCount "92"]
[EventDate "2003.01.23"]

1. e4 e5 2. Nf3 Nf6 3. Nxe5 d6 4. Nf3 Nxe4 5. Qe2 Qe7 6. d3 Nf6 7. Bg5 Be6 8.
Nc3 Nbd7 9. O-O-O O-O-O 10. Re1 h6 11. Bd2 d5 12. Nd4 Re8 13. Nxe6 fxe6 14. d4
Qf7 15. f3 e5 16. Qb5 c6 17. Qa4 exd4 18. Rxe8+ Qxe8 19. Qxd4 Bc5 20. Qh4 g5
21. Qh3 d4 22. Ne4 Nxe4 23. fxe4 Qxe4 24. Bd3 Qd5 25. Kb1 Kb8 26. Re1 Ne5 27.
Be4 Qd7 28. Bf5 Qg7 29. c3 Nc4 30. Bc1 dxc3 31. bxc3 Rd8 32. Kc2 Qf7 33. Re6
Qd7 34. Re1 Qd5 35. Be6 Na3+ 36. Kb2 Qd6 37. Bb3 Qg6 38. Be3 Rd3 39. Qg3+ Bd6
40. Qf2 a5 41. Ba7+ Ka8 42. Bb6 Nb5 43. Re6 Ba3+ 44. Ka1 Qxe6 45. Kb1 Qe4 46.
Ka1 Rxc3 0-1

[Event "Aut_chT"]
[Site "Jenbach"]
[Date "2003.01.25"]
[Round "7.1"]
[White "Loeffler, Stefan"]
[Black "Tischbierek, Raj"]
[Result "0-1"]
[WhiteElo "2398"]
[BlackElo "2506"]
[PlyCount "74"]
[EventDate "2003.01.23"]

1. Nf3 d5 2. c4 c6 3. e3 Nf6 4. Nc3 Bg4 5. Qb3 Qb6 6. Ne5 e6 7. Nxg4 Nxg4 8. d4
Nd7 9. Bd3 Be7 10. Qd1 Ngf6 11. O-O O-O 12. b3 Rad8 13. Bb2 Rfe8 14. Qc2 Bf8
15. Rad1 g6 16. h3 Bg7 17. a3 a6 18. c5 Qc7 19. f4 Re7 20. Na4 Ne8 21. Rf3 f6
22. Rdf1 e5 23. fxe5 fxe5 24. e4 exd4 25. exd5 cxd5 26. Qf2 Nef6 27. Qxd4 Qc6
28. Qf2 Rf8 29. Bc2 Re6 30. Bd4 Rfe8 31. Nc3 Ne4 32. Rf7 Nxf2 33. Rxg7+ Kf8 34.
Rxf2+ Rf6 35. Bxf6 Nxf6 36. Rxh7 Qxc5 37. Bxg6 Re1+ 0-1

[Event "Aut_chT"]
[Site "Jenbach"]
[Date "2003.01.25"]
[Round "7.1"]
[White "Eichler, Christoph"]
[Black "Kujovic, Michal"]
[Result "1/2-1/2"]
[WhiteElo "2302"]
[BlackElo "2384"]
[PlyCount "62"]
[EventDate "2003.01.23"]

1. Nf3 Nf6 2. g3 g6 3. Bg2 Bg7 4. c4 c6 5. O-O O-O 6. Nc3 d5 7. cxd5 cxd5 8. d4
Nc6 9. Ne5 Bf5 10. Bg5 Ne4 11. Nxc6 bxc6 12. Nxe4 Bxe4 13. Bxe4 dxe4 14. Be3
Rb8 15. Qc2 Qd5 16. Rfd1 Rfc8 17. b3 e6 18. Rac1 Bf8 19. Qc4 Qa5 20. Rc2 Rb4
21. Qc3 Qd5 22. Qa1 Rd8 23. Rdc1 Rb6 24. Rc4 Ra6 25. R1c2 Qh5 26. Qc3 Rc8 27.
h4 f6 28. Qb2 Kf7 29. Qc1 Ba3 30. Qd2 Be7 31. Qc3 Bd6 1/2-1/2

[Event "Aut_chT"]
[Site "Jenbach"]
[Date "2003.01.25"]
[Round "7.1"]
[White "Penz, Harald"]
[Black "Druckenthaner, Andreas"]
[Result "0-1"]
[WhiteElo "2324"]
[BlackElo "2318"]
[PlyCount "62"]
[EventDate "2003.01.23"]

1. e4 e5 2. Nf3 Nc6 3. Bc4 Bc5 4. c3 Nf6 5. d3 d6 6. O-O O-O 7. Re1 Kh8 8. h3
Qe7 9. d4 Bb6 10. d5 Nd8 11. Nbd2 Nh5 12. Nf1 Qf6 13. Bd3 Nf4 14. Bxf4 Qxf4 15.
Qd2 Qxd2 16. N1xd2 a6 17. Nc4 Ba7 18. Ne3 g6 19. Re2 f5 20. Rf1 f4 21. Nc2 g5
22. Ree1 g4 23. hxg4 Bxg4 24. Be2 Nf7 25. Nd2 Rg8 26. Bxg4 Rxg4 27. Re2 Rag8
28. Ne1 Ng5 29. Kh2 Rh4+ 30. Kg1 Nh3+ 31. Kh2 Nxf2+ 0-1

[Event "Aut_chT"]
[Site "Jenbach"]
[Date "2003.01.25"]
[Round "7.1"]
[White "Sprotte, Norbert"]
[Black "Roth, Peter"]
[Result "0-1"]
[WhiteElo "2260"]
[BlackElo "2323"]
[PlyCount "88"]
[EventDate "2003.01.23"]

1. Nf3 d6 2. d4 g6 3. g3 Bg7 4. Bg2 c6 5. c4 Nf6 6. Nc3 Qa5 7. O-O Qh5 8. Qd2
O-O 9. h4 Ng4 10. Qg5 Qxg5 11. hxg5 Na6 12. Rd1 f6 13. a3 Nc7 14. gxf6 Nxf6 15.
Bf4 Ne6 16. Bd2 Bd7 17. Be1 Rad8 18. d5 cxd5 19. cxd5 Nc5 20. Nd4 Ng4 21. Rab1
Rc8 22. Ne4 Nxe4 23. Bxe4 Rc4 24. e3 Bxd4 25. Rxd4 Rxd4 26. exd4 Nf6 27. f3 Bf5
28. Rc1 Bxe4 29. fxe4 Nxe4 30. Rc7 Kf7 31. Rxb7 Rc8 32. Bb4 Rc2 33. Rxa7 Rxb2
34. g4 h5 35. gxh5 gxh5 36. Ra8 Ng3 37. Rh8 Kg7 38. Re8 Nf5 39. Be1 Ra2 40. Ba5
h4 41. Bd8 h3 42. Rxe7+ Kf8 43. Rh7 Rg2+ 44. Kf1 Ng3+ 0-1

[Event "Aut_chT"]
[Site "Jenbach"]
[Date "2003.01.25"]
[Round "7.1"]
[White "Hangweyrer, Roman"]
[Black "Beck, Hartmuth"]
[Result "0-1"]
[WhiteElo "2162"]
[BlackElo "2257"]
[PlyCount "68"]
[EventDate "2003.01.23"]

1. Nf3 f5 2. c4 Nf6 3. g3 g6 4. Bg2 Bg7 5. Nc3 d6 6. d4 O-O 7. O-O Qe8 8. d5
Na6 9. Rb1 Bd7 10. b4 c6 11. dxc6 bxc6 12. a3 Nc7 13. Bb2 a5 14. b5 a4 15. b6
Ne6 16. Nxa4 Ne4 17. Bxg7 Kxg7 18. Qb3 Qf7 19. Nc3 N4c5 20. Qb2 Qf6 21. Qa1
Rfb8 22. a4 Ra6 23. Nd2 Rbxb6 24. Rxb6 Rxb6 25. a5 Ra6 26. Rb1 Qd4 27. e3 Qf6
28. Rb8 Na4 29. Qxa4 Qxc3 30. Nb3 Qe1+ 31. Bf1 Ng5 32. Kg2 f4 33. Qa1+ Qxa1 34.
Nxa1 Bh3+ 0-1

[Event "Aut_chT"]
[Site "Jenbach"]
[Date "2003.01.25"]
[Round "7.1"]
[White "Peterwagner, Heinz"]
[Black "Prager, Manfred"]
[Result "0-1"]
[WhiteElo "2243"]
[BlackElo "2087"]
[PlyCount "46"]
[EventDate "2003.01.23"]

1. e4 c6 2. d4 d5 3. Nc3 dxe4 4. Nxe4 Bf5 5. Ng3 Bg6 6. Nf3 Nd7 7. h4 h6 8. h5
Bh7 9. Bd3 Bxd3 10. Qxd3 Ngf6 11. Bd2 Qc7 12. O-O-O O-O-O 13. Qe2 e6 14. Ne5
Nb8 15. Rh4 Bd6 16. f4 Rhf8 17. Ne4 Be7 18. Nf2 Rxd4 19. Rh3 Ra4 20. Nxf7 Nd5
21. Qxe6+ Qd7 22. Qxd7+ Nxd7 23. Ne5 Nxe5 0-1

[Event "Aut_chT"]
[Site "Jenbach"]
[Date "2003.01.25"]
[Round "7.2"]
[White "Varga, Peter"]
[Black "Boensch, Uwe"]
[Result "1/2-1/2"]
[WhiteElo "2486"]
[BlackElo "2537"]
[PlyCount "110"]
[EventDate "2003.01.23"]

1. d4 d5 2. c4 e6 3. Nc3 Nf6 4. cxd5 exd5 5. Bg5 c6 6. Qc2 Be7 7. e3 Nbd7 8.
Bd3 Nh5 9. Bxe7 Qxe7 10. Nge2 g6 11. O-O-O Nb6 12. h3 Ng7 13. Kb1 Bf5 14. Nc1
O-O 15. g4 Bxd3 16. Nxd3 f5 17. Ne5 Nd7 18. f4 Nxe5 19. dxe5 Rad8 20. Qg2 Qf7
21. g5 Rd7 22. Rd2 Rfd8 23. Rhd1 a6 24. Qf3 Ne6 25. h4 d4 26. exd4 Rxd4 27.
Rxd4 Rxd4 28. Rxd4 Nxd4 29. Qd3 Ne6 30. Ne2 Kf8 31. Qd6+ Qe7 32. Qxe7+ Kxe7 33.
b4 c5 34. a3 Kd7 35. Kc2 Kc6 36. Kd3 b6 37. Kc4 b5+ 38. Kd3 Kb6 39. Kc2 a5 40.
bxa5+ Kxa5 41. Kb3 Kb6 42. a4 bxa4+ 43. Kxa4 Kc6 44. Ka5 Kd5 45. Kb5 Ke4 46.
Kc6 Nxf4 47. Nxf4 Kxe5 48. Ne2 Ke4 49. Kxc5 Kf3 50. Nd4+ Kg4 51. Ne6 Kxh4 52.
Kd4 Kg4 53. Ke5 f4 54. Nxf4 Kxg5 55. Ne6+ Kg4 1/2-1/2

[Event "Aut_chT"]
[Site "Jenbach"]
[Date "2003.01.25"]
[Round "7.2"]
[White "Stangl, Markus"]
[Black "Vogt, Lothar"]
[Result "0-1"]
[WhiteElo "2494"]
[BlackElo "2479"]
[PlyCount "118"]
[EventDate "2003.01.23"]

1. Nf3 g6 2. c4 Bg7 3. d4 Nf6 4. g3 O-O 5. Bg2 d6 6. O-O Nbd7 7. Qc2 e5 8. Rd1
Qe7 9. Nc3 c6 10. b3 Re8 11. e3 Nf8 12. e4 Bg4 13. d5 c5 14. Rb1 Rec8 15. Be3
Qd7 16. b4 cxb4 17. Rxb4 b6 18. Nb5 Ne8 19. Re1 Nc7 20. Nxc7 Rxc7 21. a4 Bh3
22. Bxh3 Qxh3 23. a5 bxa5 24. Ra4 Bh6 25. Bxh6 Qxh6 26. Rxa5 Nd7 27. Rb1 Nc5
28. Rab5 Qh5 29. Ne1 Rac8 30. Rb8 f5 31. exf5 Qxf5 32. Qxf5 gxf5 33. Nc2 Kf7
34. Na3 Rxb8 35. Rxb8 a6 36. Rh8 Kf6 37. Rf8+ Rf7 38. Rd8 Ke7 39. Ra8 f4 40.
gxf4 exf4 41. Nc2 Kf6 42. Nb4 f3 43. Nxa6 Nd3 44. Re8 Kf5 45. Re3 Ne5 46. h3
Kf4 47. Nb4 Rg7+ 48. Kf1 Ra7 49. Nc2 Ra4 50. Na3 Nxc4 51. Nxc4 Rxc4 52. Ke1
Rc1+ 53. Kd2 Rf1 54. Re6 Rxf2+ 55. Kd3 Rf1 56. Rxd6 Kg3 57. Rd7 Rd1+ 58. Ke3
Re1+ 59. Kd2 f2 0-1

[Event "Aut_chT"]
[Site "Jenbach"]
[Date "2003.01.25"]
[Round "7.2"]
[White "Ellers, Holger"]
[Black "Ganaus, Hannes"]
[Result "1-0"]
[WhiteElo "2425"]
[BlackElo "2360"]
[PlyCount "41"]
[EventDate "2003.01.23"]

1. d4 d5 2. Nf3 Nf6 3. c4 c6 4. Nc3 a6 5. c5 g6 6. Bf4 Nh5 7. Be5 f6 8. Bg3
Nxg3 9. hxg3 Bg7 10. Qb3 e6 11. e4 Nd7 12. Bd3 f5 13. exf5 exf5 14. O-O-O b6
15. Nxd5 cxd5 16. Rde1+ Kf8 17. Qxd5 Qc7 18. Qxa8 bxc5 19. Ng5 cxd4+ 20. Kb1
Nc5 21. Rc1 1-0

[Event "Aut_chT"]
[Site "Jenbach"]
[Date "2003.01.25"]
[Round "7.2"]
[White "Bokros, Albert"]
[Black "Blaas, Hansjoerg"]
[Result "1-0"]
[WhiteElo "2420"]
[BlackElo "2266"]
[PlyCount "55"]
[EventDate "2003.01.23"]

1. e4 c5 2. Nf3 Nc6 3. d4 cxd4 4. Nxd4 e5 5. Nb5 a6 6. Nd6+ Bxd6 7. Qxd6 Qf6 8.
Qd1 Qg6 9. Nc3 Nge7 10. h4 h5 11. Bg5 d5 12. exd5 Nb4 13. Bxe7 Kxe7 14. Bd3
Nxd3+ 15. Qxd3 Bf5 16. Qe3 Kf8 17. O-O Re8 18. f4 exf4 19. Qxf4 Bxc2 20. Rae1
f6 21. d6 Kg8 22. d7 Rf8 23. Re7 Kh7 24. Nd5 f5 25. Rf3 Bd1 26. Rfe3 Rf7 27.
R3e6 Rxe7 28. Rxg6 1-0

[Event "Aut_chT"]
[Site "Jenbach"]
[Date "2003.01.25"]
[Round "7.2"]
[White "Sprenger, Wendelin"]
[Black "Weissenbeck, Manuel"]
[Result "0-1"]
[WhiteElo "2140"]
[BlackElo "2225"]
[PlyCount "70"]
[EventDate "2003.01.23"]

1. e4 c5 2. Nf3 Nc6 3. d4 cxd4 4. Nxd4 Nf6 5. Nc3 e5 6. Ndb5 d6 7. Bg5 a6 8.
Na3 b5 9. Bxf6 gxf6 10. Nd5 f5 11. Bxb5 axb5 12. Nxb5 Ra4 13. b4 Rxb4 14. Nbc7+
Kd7 15. O-O Qg5 16. Nxb4 Rg8 17. g3 Nxb4 18. Nd5 Nxd5 19. Qxd5 fxe4 20. a4 Be7
21. a5 Ba6 22. Rfb1 Rc8 23. Rb7+ Bxb7 24. Qxb7+ Rc7 25. Qb5+ Ke6 26. a6 e3 27.
Qb3+ d5 28. Qb6+ Bd6 29. a7 exf2+ 30. Kg2 Qf5 31. Qxc7 Bxc7 32. a8=Q Qe4+ 33.
Kxf2 Bb6+ 34. Kf1 Qf3+ 35. Ke1 Bf2+ 0-1

[Event "Aut_chT"]
[Site "Jenbach"]
[Date "2003.01.25"]
[Round "7.3"]
[White "Schmittdiel, Eckhard"]
[Black "Bischoff, Klaus"]
[Result "1/2-1/2"]
[WhiteElo "2491"]
[BlackElo "2564"]
[PlyCount "30"]
[EventDate "2003.01.23"]

1. e4 c5 2. c3 Nf6 3. e5 Nd5 4. d4 cxd4 5. Nf3 e6 6. cxd4 d6 7. Nc3 Nxc3 8.
bxc3 Qc7 9. Bd2 Nd7 10. Bd3 dxe5 11. O-O g6 12. Qa4 Bg7 13. Qb3 Bf8 14. Qa4 Bg7
15. Qb3 Bf8 1/2-1/2

[Event "Aut_chT"]
[Site "Jenbach"]
[Date "2003.01.25"]
[Round "7.3"]
[White "Horvath, Csaba"]
[Black "Bromberger, Stefan"]
[Result "1/2-1/2"]
[WhiteElo "2506"]
[BlackElo "2417"]
[PlyCount "83"]
[EventDate "2003.01.23"]

1. d4 Nf6 2. c4 g6 3. Nc3 d5 4. cxd5 Nxd5 5. Bd2 Bg7 6. e4 Nb6 7. Be3 O-O 8. f4
Nc6 9. d5 Na5 10. Bd4 e5 11. Bxe5 Bxe5 12. fxe5 Qh4+ 13. g3 Qe7 14. Qd4 c5 15.
d6 cxd4 16. dxe7 Re8 17. Nd5 Nxd5 18. exd5 Bf5 19. Kf2 Be4 20. Bg2 Bxg2 21.
Kxg2 Rxe7 22. Nf3 Rd7 23. d6 f6 24. Rhe1 Nc6 25. Rad1 fxe5 26. Nxe5 Rxd6 27.
Nxc6 bxc6 28. Re7 a5 29. Rd2 a4 30. Kf3 c5 31. Ke4 Rdd8 32. Kd3 a3 33. b3 Rf8
34. Kc4 Rac8 35. Ra7 Rf3 36. Rc2 Re8 37. Rxa3 d3 38. Rd2 Re2 39. Kc3 Rff2 40.
Rxe2 dxe2 41. Kd2 Rxh2 42. Ra5 1/2-1/2

[Event "Aut_chT"]
[Site "Jenbach"]
[Date "2003.01.25"]
[Round "7.3"]
[White "Duer, Arne"]
[Black "Hoelzl, Franz"]
[Result "1/2-1/2"]
[WhiteElo "2365"]
[BlackElo "2349"]
[PlyCount "37"]
[EventDate "2003.01.23"]

1. c4 e6 2. d4 Nf6 3. Nf3 d5 4. cxd5 exd5 5. Nc3 c6 6. Bg5 h6 7. Bxf6 Qxf6 8.
e3 Bd6 9. a3 O-O 10. Be2 Qe7 11. Qc2 Nd7 12. O-O Nf6 13. Rac1 Bg4 14. Rfe1 Rae8
15. g3 Qd7 16. b4 a5 17. Rb1 axb4 18. axb4 Ra8 19. b5 1/2-1/2

[Event "Aut_chT"]
[Site "Jenbach"]
[Date "2003.01.25"]
[Round "7.3"]
[White "Steflitsch, Erich"]
[Black "Pilz, Dieter"]
[Result "1/2-1/2"]
[WhiteElo "2396"]
[BlackElo "2309"]
[PlyCount "20"]
[EventDate "2003.01.23"]

1. e4 c5 2. Nf3 Nc6 3. d4 cxd4 4. Nxd4 e5 5. Nb5 d6 6. c4 a6 7. N5c3 Nf6 8. Be2
Be7 9. Be3 O-O 10. O-O Be6 1/2-1/2

[Event "Aut_chT"]
[Site "Jenbach"]
[Date "2003.01.25"]
[Round "7.3"]
[White "Ferrari, Josef"]
[Black "Moser, Guenter"]
[Result "0-1"]
[WhiteElo "2220"]
[BlackElo "2357"]
[PlyCount "62"]
[EventDate "2003.01.23"]

1. c4 f5 2. d4 Nf6 3. g3 g6 4. Bg2 Bg7 5. Nc3 O-O 6. Nf3 d6 7. O-O Nc6 8. d5
Ne5 9. Nxe5 dxe5 10. e4 e6 11. Bg5 h6 12. Be3 f4 13. gxf4 Nh5 14. f5 exf5 15.
exf5 Bxf5 16. Ne4 Nf4 17. Bxf4 exf4 18. Qb3 Qh4 19. f3 Kh8 20. Rad1 b6 21. Qc2
Rae8 22. Qf2 Qh5 23. b4 g5 24. c5 Bxe4 25. fxe4 f3 26. Bh1 Rf4 27. Bxf3 g4 28.
d6 Rxf3 29. Qg2 bxc5 30. dxc7 Bd4+ 31. Kh1 Be5 0-1

[Event "Aut_chT"]
[Site "Jenbach"]
[Date "2003.01.25"]
[Round "7.3"]
[White "Genser, Harald"]
[Black "Gerhold, Michael"]
[Result "1/2-1/2"]
[WhiteElo "2265"]
[BlackElo "2205"]
[PlyCount "41"]
[EventDate "2003.01.23"]

1. d4 f5 2. c4 Nf6 3. Nc3 e6 4. Nf3 d5 5. Bf4 c6 6. e3 Bd6 7. Ne5 O-O 8. Bd3 b6
9. a3 Bb7 10. cxd5 cxd5 11. Rc1 a6 12. h3 Nc6 13. Nxc6 Bxc6 14. Ne2 Qd7 15. Qb3
Rfb8 16. Bxd6 Qxd6 17. Qc2 Rc8 18. O-O Bd7 19. Qb3 a5 20. Rc2 Rxc2 21. Qxc2
1/2-1/2

[Event "Aut_chT"]
[Site "Jenbach"]
[Date "2003.01.25"]
[Round "7.4"]
[White "Atlas, Valery"]
[Black "Kindermann, Stefan"]
[Result "1/2-1/2"]
[WhiteElo "2477"]
[BlackElo "2516"]
[PlyCount "33"]
[EventDate "2003.01.23"]

1. e4 e6 2. d4 d5 3. Nd2 c5 4. exd5 exd5 5. Ngf3 Nf6 6. Bb5+ Bd7 7. Bxd7+ Nbxd7
8. O-O Be7 9. dxc5 Nxc5 10. Nb3 Nce4 11. Nbd4 Qc8 12. Bg5 Nxg5 13. Nxg5 O-O 14.
c3 Bc5 15. Ngf3 Re8 16. Qb3 Qd7 17. Rad1 1/2-1/2

[Event "Aut_chT"]
[Site "Jenbach"]
[Date "2003.01.25"]
[Round "7.4"]
[White "Kosten, Anthony C"]
[Black "Gustafsson, Jan"]
[Result "1/2-1/2"]
[WhiteElo "2545"]
[BlackElo "2566"]
[PlyCount "51"]
[EventDate "2003.01.23"]

1. c4 Nf6 2. g3 c5 3. Bg2 d5 4. cxd5 Nxd5 5. Nc3 Nc7 6. d3 e5 7. Be3 Be7 8. Rc1
Nd7 9. Nf3 O-O 10. O-O Rb8 11. Nd2 b6 12. f4 Nf6 13. Nc4 Nfd5 14. Bd2 exf4 15.
gxf4 Bb7 16. Ne4 Nf6 17. Ng3 Bxg2 18. Kxg2 Re8 19. Qb3 Ne6 20. Ne5 Bd6 21. Nxf7
Kxf7 22. f5 Bxg3 23. fxe6+ Kg8 24. hxg3 Qe7 25. Bg5 Qxe6 26. Qxe6+ 1/2-1/2

[Event "Aut_chT"]
[Site "Jenbach"]
[Date "2003.01.25"]
[Round "7.4"]
[White "Naumann, Alexander"]
[Black "Freitag, Manfred"]
[Result "1-0"]
[WhiteElo "2524"]
[BlackElo "2389"]
[PlyCount "71"]
[EventDate "2003.01.23"]

1. e4 c5 2. Nf3 d6 3. d4 Nf6 4. Nc3 cxd4 5. Nxd4 a6 6. Bc4 e6 7. Bb3 b5 8. Bg5
h6 9. Bxf6 Qxf6 10. O-O Bb7 11. f4 Nc6 12. Nxc6 Bxc6 13. f5 Qe5 14. fxe6 fxe6
15. Qg4 Bd7 16. Ne2 O-O-O 17. Rad1 h5 18. Qf3 Rh6 19. Qd3 Bc6 20. Nd4 Bxe4 21.
Qc3+ Qc5 22. Bxe6+ Kb7 23. Rf7+ Kb6 24. Qe3 d5 25. c3 a5 26. b4 axb4 27. cxb4
Qxb4 28. Nb3+ Bc5 29. Nxc5 Qxc5 30. Rb7+ Kxb7 31. Qxc5 Rxe6 32. Rc1 Rdd6 33.
Qc8+ Kb6 34. Qc7+ Ka6 35. Rc3 b4 36. Rc5 1-0

[Event "Aut_chT"]
[Site "Jenbach"]
[Date "2003.01.25"]
[Round "7.4"]
[White "Karner, Christoph"]
[Black "Novkovic, Milan"]
[Result "1/2-1/2"]
[WhiteElo "2343"]
[BlackElo "2395"]
[PlyCount "56"]
[EventDate "2003.01.23"]

1. d4 e6 2. Nf3 Nf6 3. g3 b5 4. Bg2 Bb7 5. O-O c5 6. c3 Na6 7. Bg5 Be7 8. Nbd2
O-O 9. e3 h6 10. Bxf6 Bxf6 11. Qe2 Qb6 12. Rfc1 Rab8 13. Nb3 Rfc8 14. e4 cxd4
15. cxd4 d6 16. a3 Rc4 17. e5 Be7 18. Nbd2 Bxf3 19. Bxf3 Rxc1+ 20. Rxc1 Qxd4
21. exd6 Bxd6 22. Ne4 Bf8 23. b4 Qe5 24. Qd3 f5 25. Nc3 Nc7 26. Ne2 Nd5 27. Nd4
Ne7 28. Ne2 Nd5 1/2-1/2